AJR - My Play Lyrics - Statistics

General Stats
  • This quiz has been taken 34 times
  • The average score is 259 of 318
Answer Stats
Answer % Correct
I
100%
my
100%
play
100%
you
100%
You
100%
a
96%
dad
96%
show
96%
an
92%
and
92%
do
92%
it
92%
really
92%
the
92%
when
92%
'cause
88%
don't
88%
for
88%
house
88%
it's
88%
just
88%
mom
88%
wanna
88%
in
85%
not
85%
old
85%
on
85%
put
85%
same
85%
twice
85%
another
81%
at
81%
couch
81%
go
81%
if
81%
If
81%
love
81%
now
81%
one
81%
out
81%
want
81%
basement
77%
be
77%
both
77%
bother
77%
but
77%
But
77%
cape
77%
cold
77%
could
77%
dad's
77%
is
77%
jumping
77%
know
77%
looking
77%
lover
77%
me
77%
place
77%
sold
77%
start
77%
what
77%
complicated
73%
dies
73%
fucking
73%
new
73%
outgrew
73%
own
73%
seats
73%
they
73%
everything
69%
faces
69%
faked
69%
lights
69%
smiling
69%
spaceship
69%
up
69%
wasted
69%
you're
69%
found
65%
hard
65%
Haven't
65%
lately
65%
putting
65%
saying:
65%
seen
65%
that
65%
worked
65%
tell
62%
then
62%
this
62%
we
62%
wonder
62%
all
58%
been
58%
cowards
58%
did
58%
forget
58%
hold
58%
hour
58%
I've
58%
watching
58%
we're
58%
while
58%
bringing
54%
dates
54%
flowers
54%
might
54%
okay
54%
sour
54%
you'll
54%
bad
50%
before
50%
get
50%
gonna
50%
maybe
50%
mistake
50%
pretend
50%
great
46%
lemme
46%
make
46%
will
46%
didn't
42%
tryna
42%
guess
38%
'til
38%
through
35%
I'm
31%
I'll
15%
No matching quizzes found
Score Distribution
Percent of People with Each Score
Percentile by Number Answered
Your Score History
You have not taken this quiz